| 000 | 02945nkm0a2200469 4500 | ||
|---|---|---|---|
| 001 | RU\NLR\BIBL_A\022740034 | ||
| 005 | 20260426072819.0 | ||
| 035 | _a(NLR Aleph) 022740034 | ||
| 090 |
_a13693328 _c13693328 |
||
| 100 | _a20260228d1903 u y0rusy50 ca | ||
| 101 | 0 | _arus | |
| 102 | _aRU | ||
| 116 | _aiiycxx zz ad | ||
| 135 | _acrcn 024anaba | ||
| 181 | 0 |
_ab4 _bxb2e |
|
| 182 | 0 | _an | |
| 200 | 1 |
_aО-де-колон двойной _eо-де-колон тройной _eо-де-колон № 4 (экстракты) _eкачеством, нисколько не уступающий иностранному производству _eв продаже везде _eС-Петербургская химическая лаборатория (основана в 1860 году), С.Петербург _e[плакат] |
|
| 203 |
_aИзображение _bнеподвижное _bдвухмерное _bвизуальное _cнепосредственное |
||
| 210 |
_aС.П.Б. [Санкт-Петербург] _cЛит. Веферс и К° _d1903 |
||
| 215 |
_a1 л. _cфотомех. печ. _d38х24,6 |
||
| 300 | _aНа л. также фабр. марка фирмы с изображением конной статуи Петра I (Медный всадник, Санкт-Петербург) | ||
| 300 | _aНа л. также аверс и ресерс медали "Париж 1900" | ||
| 300 | _aЦенз. разрешение: Дозволено цензурою С.П.Б. 25 сентября 1903 г. | ||
| 300 | _aПо верхнему полю есть 2 отверстия, через которые продета тесемка для вывешивания плаката | ||
| 325 | _aКопия доступна в Электрон. б-ке РНБ | ||
| 540 | 1 | _aОдеколон двойной, одеколон тройной, одеколон № 4 (экстракты) | |
| 606 | 1 |
_aРекламный плакат русский _z1868 - 1917 _92200006 _3RU\NLR\AUTH\6601557021 |
|
| 606 | 1 |
_aПарфюмерные флаконы _jПлакаты _91835849 _3RU\NLR\AUTH\66830607 |
|
| 686 | _aЩ153(2Р=Рус)53-466 | ||
| 711 | 0 | 2 |
_a"Петербургская химическая лаборатория", акционерное общество _9493109 _3RU\NLR\AUTH\889997920 |
| 712 | 0 | 2 |
_4610 _a"Веферс и Ко", литография _cПетербург _9806050 _3RU\NLR\AUTH\880569855 |
| 852 | 0 | 0 |
_aNLR _bЭ _jР.Рус./Торг.9/1 _mЭаф11053 |
| 856 | 0 | _uhttps://vivaldi.nlr.ru/la700001781/view | |
| 856 | 1 | _uhttps://vivaldi.nlr.ru/la700001781/cover | |
| 856 | 2 | _uhttps://vivaldi.nlr.ru/la700001781/text | |
| 942 | _cVISUAL | ||
| 980 | _aNB | ||
| 981 | 1 | 7 |
_a(17) Изографические материалы _b(17) Плакаты |